000 00329nam a2200145 a 4500
005 20141022142007.0
008 091012s19uu xx 00 eng d
050 _aAVM
100 _aLeo, Jones
245 _aLet's Talk 1.
260 _bCambridge University Press.
650 _aVCD
650 _aLet's Talk 1
942 _cAVM
999 _c276589
_d276589